[Event "EOC-ch Playoff-C 2021"]
[Site "Online"]
[Date "2021.03.29"]
[Round "1.1"]
[White "Fedoseev, Vladimir"]
[Black "Vachier-Lagrave, Maxime"]
[Result "1/2-1/2"]
[WhiteElo "2687"]
[BlackElo "2784"]
[Annotator "TA"]
[PlyCount "73"]
[EventDate "2021.03.29"]
[EventType "team-tourn"]
[EventCountry "NET"]
[SourceTitle "playchess.com"]
[Source "ChessBase"]
[SourceQuality "1"]

{[%evp 19,73,16,24,-13,31,0,7,0,31,40,45,41,39,10,26,45,49,40,45,26,44,51,26,35,29,36,45,24,66,66,54,30,35,0,0,0,0,0,3,3,118,108,85,88,224,214,186,0,0,0,0,0,0,0,0,0]} 1. e4 e5 2. Nf3 Nc6 3. Bb5 a6 4. Ba4 Nf6 5. O-O b5 6. Bb3 Bc5 7. c3 d6 8. d4 Bb6 9. a4 Bb7 10. Re1 O-O $1 {The main line 10...0-0 scores better than 10...h6.} 11. h3 {C78: Ruy Lopez: Archangelsk and Möller Defences.} Re8 12. Ng5 Re7 {[%cal Re5d4] [#]} 13. d5 $146 ({Predecessor:} 13. axb5 axb5 14. Rxa8 Qxa8 15. d5 Na5 16. Bc2 h6 17. Nf3 Bc8 18. Na3 c6 19. dxc6 Qxc6 {0-1 (39) Saric,V (2250)-Djuric,N (2250) Yugoslavia 1999}) 13... Nb8 14. axb5 axb5 15. Rxa8 Bxa8 16. Na3 c6 17. dxc6 Bxc6 {[#]} 18. Nxb5 $1 Bxb5 19. Nxf7 $1 {[%mdl 64] Decoy} Rxf7 20. Bxf7+ Kxf7 21. Qb3+ {[%mdl 64] Double Attack} d5 22. Qxb5 {exd5 is the strong threat.} Nxe4 23. Be3 ({And not} 23. Rxe4 dxe4 24. Kh2 Qd6 $17) 23... Bxe3 24. Rxe3 Qd6 25. c4 {[%mdl 1024] White has compensation.} Nf6 26. cxd5 (26. c5 $5 {[%cal Rc5d6]} Qc7 27. Rb3 $11) 26... Nbd7 27. Rd3 e4 28. Rd1 Ne5 29. Ra1 Nd3 (29... Qc7 $11 {keeps the balance.}) 30. Ra7+ $16 Kg6 {[#]} 31. Qb7 $1 {[%cal Rb7g7]} Qf4 (31... Qf8 $16) 32. Qxg7+ $18 Kh5 33. Qf7+ $2 ({Weaker is} 33. Ra6 Qxf2+ 34. Kh1 Qf1+ 35. Kh2 Qf4+ 36. Kg1 Qc1+ 37. Kh2 Qf4+ 38. Kg1 Qc1+ 39. Kh2 Qf4+ $11) ({White should play} 33. d6 $18 {And now Ra5+ would win.} Qxf2+ 34. Kh2) 33... Kh6 $11 {The position is equal.} 34. Qf8+ Kh5 35. Qf7+ Kh6 36. Qf8+ Kh5 37. Qf7+ {Weighted Error Value: White=0.10/Black=0.22} 1/2-1/2

[Event "EOC-ch Playoff-C 2021"]
[Site "Online"]
[Date "2021.03.29"]
[Round "1.2"]
[White "Rapport, Richard"]
[Black "Matlakov, Maxim"]
[Result "1-0"]
[WhiteElo "2763"]
[BlackElo "2688"]
[Annotator "TA"]
[PlyCount "113"]
[EventDate "2021.03.29"]
[EventType "team-tourn"]
[EventCountry "NET"]
[SourceTitle "playchess.com"]
[Source "ChessBase"]
[SourceQuality "1"]

{[%evp 16,113,31,0,0,0,0,0,0,2,0,0,14,20,14,11,16,11,17,15,25,25,23,20,28,20,32,27,30,27,27,10,5,10,12,10,5,5,5,8,10,0,5,0,0,0,7,23,14,21,57,0,2,0,0,0,0,0,0,0,78,64,304,178,170,148,288,273,298,300,373,316,368,316,293,305,378,369,369,348,511,502,518,485,728,694,741,740,691,683,689,672,639,568,2027,2176,1797,1651,896,768]} 1. c4 c6 2. Nc3 d5 3. d4 Nf6 4. cxd5 cxd5 5. Bf4 Nc6 6. e3 Bf5 7. Qb3 Na5 8. Qa4+ Bd7 9. Bb5 e6 {D10: Slav Defence: 3 cxd5 (without early Nf3) and 3 Nc3.} 10. Nf3 a6 11. Bxd7+ Nxd7 {The position is equal.} 12. O-O Be7 13. Rfc1 Nc6 14. Qb3 {[#]} Na5 $146 ({Predecessor:} 14... Qb6 15. Qd1 O-O 16. Na4 Qa5 17. Ne1 Rfc8 18. Nd3 Nb4 19. Nxb4 Qxb4 20. a3 Qa5 {½-½ (29) Rapport,R (2759)-Giri,A (2764) Chess.com INT 2020}) 15. Qd1 {[#] And now Nxd5! would win.} Rc8 16. Ne1 O-O 17. Nd3 Nc4 18. b3 {[%cal Bb2b3,Bb3b4][%mdl 32]} Na3 19. Na4 Qa5 20. Nac5 {[%mdl 64] [#] Decoy} Nxc5 21. b4 Qd8 {...Nxd3 is the strong threat.} 22. bxc5 b6 $1 23. Qa4 Nc4 {[%cal Rb6c5]} 24. cxb6 Qxb6 25. Rab1 Qa7 26. Ne5 Nxe5 27. Bxe5 Qb7 28. Qd1 (28. Rxb7 $2 {gets mated.} Rxc1+ 29. Qd1 Rxd1#) 28... Qd7 29. h3 Rc4 30. Rb6 Rfc8 31. Rcb1 a5 32. Rb7 Qe8 33. Qg4 ({Better is} 33. Ra7 $14 f6 34. Bg3) 33... Bf8 $11 34. Kh2 Rb4 35. R1xb4 $40 {[%mdl 128] White attacks.} axb4 36. h4 h6 37. Qg3 Kh8 (37... Qc6 $11 {keeps the balance.} 38. Ra7 Qb6) 38. Bd6 Rc4 $2 {This costs Black the game.} (38... Kh7 $14) 39. Rb8 (39. Bc5 $142 {Hoping for Rb8!} e5 40. Bxf8 {[%mdl 64] Overworked Piece} Qxf8 41. Qxe5) 39... Rc8 $18 {Strongly threatening ...Bxd6.} 40. Rxb4 ({Resist} 40. Bxf8 $6 Qxf8 41. Rb7 Kg8 $11) 40... Rd8 (40... Kg8 $16 41. a4 Bxd6 42. Qxd6 Qf8 43. Qxf8+ Kxf8) 41. Bxf8 Qxf8 {[%mdl 4096] Endgame KQR-KQR} 42. Rb7 Ra8 43. Qc7 Kh7 44. Qxf7 Qxf7 45. Rxf7 Rxa2 {KR-KR} 46. Kg3 Kg6 47. Rf8 h5 (47... Rc2 $142 48. Kg4 h5+ 49. Kf3 Rd2) 48. Kf3 {White is clearly winning.} Rb2 49. g4 hxg4+ (49... Kh6 $142 50. Re8 hxg4+ 51. Kxg4 Rb6) 50. Kxg4 Re2 51. h5+ Kh7 52. Kg5 Ra2 53. Rf7 Ra1 54. Kf4 Rh1 55. Ke5 Rxh5+ 56. Kxe6 Kg8 57. Rf5 {Weighted Error Value: White=0.09/Black=0.29} 1-0

[Event "EOC-ch Playoff-C 2021"]
[Site "Online"]
[Date "2021.03.29"]
[Round "1.3"]
[White "Esipenko, Andrey"]
[Black "Bacrot, Etienne"]
[Result "1-0"]
[WhiteElo "2677"]
[BlackElo "2678"]
[Annotator "TA"]
[PlyCount "41"]
[EventDate "2021.03.29"]
[EventType "team-tourn"]
[EventCountry "NET"]
[SourceTitle "playchess.com"]
[Source "ChessBase"]
[SourceQuality "1"]

{[%evp 9,41,25,22,7,14,10,20,14,13,7,8,14,16,31,23,0,5,2,5,0,287,305,292,302,255,277,859,816,733,718,29994,29995,29995,29996]} 1. d4 d5 2. c4 e6 3. Nf3 Be7 4. Nc3 Nf6 5. Bf4 O-O 6. a3 {D37: Queen's Gambit Declined: 5 Bf4.} b6 7. e3 {7.Qc2 might become the main line.} Bb7 8. cxd5 {The position is equal.} Nxd5 9. Nxd5 exd5 10. Bd3 c5 11. h4 Nd7 12. Ng5 {[#]} h6 $146 ({Predecessor:} 12... Nf6 13. Be5 h6 14. Qc2 hxg5 15. Bxf6 Re8 16. Be5 gxh4 17. Qe2 g6 18. Qf3 Bg5 {1-0 (61) Eremin,V (2320)-Kolpak,S (2307) ICCF email 2014}) 13. Nh7 Re8 {[#]} 14. Bxh6 $1 gxh6 {[%mdl 8192]} (14... Nf6 $1 $11 15. Nxf6+ Bxf6) 15. Qg4+ $18 Kh8 {[#] White must now prevent ...Bf8.} 16. Ng5 $1 {[%cal Rg5f7][%mdl 512]} Bxg5 ({Weaker is} 16... hxg5 17. Qh5+ Kg8 18. Qh7+ Kf8 19. Qh8#) 17. hxg5 Nf8 $2 (17... Re6 18. Rxh6+ Rxh6 19. gxh6 Qf6) 18. Rxh6+ ({Not} 18. gxh6 Qf6 $17) 18... Kg7 19. Qh5 {Rh7+! would kill now.} cxd4 {[#]} 20. Rh7+ $1 {[%mdl 576] Clearance} Nxh7 {[#]} 21. Qh6+ $1 {Weighted Error Value: White=0.03/Black=0.93} 1-0

[Event "EOC-ch Playoff-C 2021"]
[Site "Online"]
[Date "2021.03.29"]
[Round "1.4"]
[White "Naiditsch, Arkadij"]
[Black "Shimanov, Aleksandr"]
[Result "1/2-1/2"]
[WhiteElo "2649"]
[BlackElo "2597"]
[Annotator "TA"]
[PlyCount "142"]
[EventDate "2021.03.29"]
[EventType "team-tourn"]
[EventCountry "NET"]
[SourceTitle "playchess.com"]
[Source "ChessBase"]
[SourceQuality "1"]

{[%evp 9,142,10,17,0,15,18,19,5,12,0,4,4,41,54,42,22,39,31,47,10,57,41,58,46,51,47,64,43,36,-14,98,32,43,32,81,39,56,64,74,0,16,24,13,11,34,0,55,-140,-147,-210,-223,-219,-203,-251,-235,-227,-221,-291,-285,-261,-145,-233,490,-405,-224,-212,-217,-220,-223,-212,-212,-237,-173,-170,-179,-191,-116,-127,-108,-208,-210,-279,-285,-264,-258,-295,-287,-284,-260,-237,-192,-182,-168,-143,-106,-166,-131,-186,-118,-171,-189,-237,-16,-50,-48,-56,-55,-52,-7,-7,-7,-7,-7,-12,0,-206,0,-21,-12,-12,0,0,0,0,0,0,0,0,0,0,0,0,0,0,0]} 1. e4 e6 2. d4 d5 3. Nd2 c5 4. exd5 Qxd5 5. dxc5 Nf6 6. Ngf3 {C07: French Tarrasch: 3...c5, 4 Ngf3 and 4 exd5 Qxd5.} Qxc5 7. Bd3 Nbd7 8. O-O Qc7 9. Re1 Be7 10. Ne4 Nxe4 11. Rxe4 O-O {[#]} 12. Rc4 $146 ({Predecessor:} 12. Bf4 Qb6 13. Be3 Bc5 14. Rh4 Nf6 15. Bxc5 Qxc5 16. Qd2 b6 17. Re1 Bb7 18. Re5 {1-0 (24) Naiditsch,A (2687)-Popov,M (2369) Tallinn 2016}) 12... Qd8 13. Be3 Bf6 14. Qe2 Nb6 15. Rg4 Nd5 16. Rd1 Qc7 17. Bh6 Rd8 {[#]} 18. Ng5 $1 g6 $1 19. Qf3 {And now c4 would win.} Bh8 {[#]} (19... Bxb2 $11 {remains equal.} 20. Bf1 (20. Rc4 Qe7 $17) 20... f6) 20. Rh4 (20. Rc4 $6 Qe7 $11) (20. Nxh7 $1 $16 {Strongly threatening Bg5.} Kxh7 21. Bg5) 20... Qe7 $14 21. Qg3 (21. Rh3 $5 {[%cal Rg5h7]} Qf6 22. Be2 $14) 21... Nf6 22. Re1 Qd6 23. Qf3 Qe7 24. g3 (24. b3 $16) 24... Bd7 25. Qxb7 Rab8 26. Qxa7 Rxb2 27. Rf4 Rbb8 (27... Rdb8 $11) 28. Nf3 $2 (28. Bc4 $1 $14 {keeps the upper hand.}) 28... Ra8 $1 $17 {[%cal Ra8a7]} 29. Qe3 (29. Qd4 $17 {is a better defense.} Ng4 {[%mdl 64] Discovered Attack} 30. Bg5 Bxd4 31. Bxe7 Bxf2+ {[%mdl 64] Double Attack} 32. Kg2 Bxe1 33. Bxd8 Ne3+ 34. Kg1) 29... Nd5 $19 {[%mdl 64] Double Attack} 30. Qe4 {Black must now prevent Qxd5!} (30. Bg5 f6 $19) 30... Nxf4 31. Qxf4 Ra4 32. Qe3 Bc6 33. Ne5 Ba8 34. Qb6 Rad4 ({Don't take} 34... Rxa2 35. Nc6 $19) (34... Rc8 $19 35. Nc4 Rxa2) 35. Bf4 (35. Nc6 $17 Bxc6 36. Qxc6) 35... Rc8 $4 {[%mdl 8192]} 36. h4 $4 {[%mdl 8192] [#]} (36. Qxd4 $18 {is the narrow road to win.} Qc7 37. a4) 36... Qb7 37. Qxb7 Bxb7 38. Rb1 Bd5 39. a3 Ra4 40. c4 Ba8 ({Weaker is} 40... Bxc4 41. Nxc4 Rcxc4 42. Bxc4 $16) ({Much less strong is} 40... Rxa3 41. cxd5 Bxe5 42. Bxe5) 41. Rb3 Ra5 $36 {[%mdl 2048] White is under strong pressure.} 42. Nd7 Bc6 (42... Bd4 $19 43. Bf1 Ra7) 43. Nb6 $17 Re8 44. Kf1 (44. Be3 $17) 44... Bd4 $19 45. Be3 Bxe3 46. fxe3 Rb8 47. Ke2 g5 48. Kd2 gxh4 49. gxh4 Ra6 50. c5 Ra5 51. Rc3 Kg7 52. e4 (52. Kc2 $17) 52... Kf6 53. Ke3 (53. e5+ $17 Ke7 54. a4) 53... h5 (53... Rg8 $1 $19 54. Kd4 Rg4) 54. e5+ (54. Be2 $17) 54... Ke7 55. Be4 Be8 (55... Bxe4 $1 $19 56. Kxe4 Rb5) 56. Kf4 f6 57. exf6+ Kxf6 58. Ke3 Rb5 59. a4 Ra5 60. Rc4 Ke7 61. Kd4 Ra6 62. Rb4 $2 {[#]} (62. Kc3 $11 {and White has nothing to worry.}) 62... Rd8+ $2 ({Black should play} 62... Rxa4 $1 $19 {[%mdl 512]} 63. Rxa4 Bxa4) 63. Kc4 {The position is equal.} Rd1 64. c6 Ra5 {...Bxc6! is the strong threat.} 65. Rb5 Rc1+ 66. Kb4 $1 Ra6 67. a5 Bxc6 68. Bxc6 Rxc6 69. Rxh5 {Hoping for Kb5.} Raxb6+ 70. axb6 Rxb6+ 71. Kc3 Rd6 {White happily takes the draw.  Weighted Error Value: White=0.39/Black=0.40} 1/2-1/2

[Event "EOC-ch Playoff-C 2021"]
[Site "Online"]
[Date "2021.03.29"]
[Round "1.5"]
[White "Adams, Michael"]
[Black "Kovalev, Vladislav"]
[Result "1-0"]
[WhiteElo "2716"]
[BlackElo "2648"]
[Annotator "TA"]
[PlyCount "59"]
[EventDate "2021.03.29"]
[EventType "team-tourn"]
[EventCountry "NET"]
[SourceTitle "playchess.com"]
[Source "ChessBase"]
[SourceQuality "1"]

{[%evp 13,59,18,23,9,11,17,23,12,22,10,9,7,19,19,31,27,39,32,31,24,31,39,65,67,68,70,164,185,270,256,277,272,236,253,259,258,262,258,907,906,1908,1890,1794,1717,29982,29980,29989,29977]} 1. e4 e5 2. Nf3 Nc6 3. Bb5 a6 4. Ba4 Nf6 5. O-O Be7 6. d3 b5 7. Bb3 d6 8. Bd2 {C84: Closed Ruy Lopez: Unusual White 6th moves.} O-O 9. h3 Re8 10. Re1 {White has an edge.} h6 11. a3 {[%cal Ba2a3,Ba3a4][%mdl 32]} Bf8 12. Nc3 {[#]} Nb8 $146 ({Predecessor:} 12... Rb8 13. Ba2 Ne7 14. Nh4 g5 15. Nf3 Ng6 16. Nh2 c6 17. Ne2 d5 18. Ng3 dxe4 19. dxe4 {1-0 (30) Carlsen,M (2872)-Vitiugov,N (2747) Wijk aan Zee 2020}) 13. a4 b4 14. Nd5 Nxd5 15. Bxd5 c6 16. Ba2 $36 {[%mdl 2048] Black is under pressure.} a5 17. d4 exd4 18. Nxd4 Qf6 19. c3 Bd7 {[#]} ({Black should play} 19... Ra7 $14) 20. Re3 $1 $18 {[%cal Re3f3] Black must now prevent Rf3.} Re7 (20... d5 $142) 21. Rf3 Qg6 22. Nf5 ({Don't do} 22. cxb4 axb4 23. Bxb4 Na6 $18) 22... Bxf5 23. exf5 Qf6 24. cxb4 axb4 25. Bxb4 {aiming for Bc3.} Qxb2 {[#]} (25... Rea7 26. Bc3 Qd8) 26. f6 $1 Re6 (26... Qxb4 27. fxe7) 27. Bxe6 fxe6 28. Bc3 Qb7 29. fxg7 Be7 30. Qd3 {Weighted Error Value: White=0.02/Black=0.43} 1-0

[Event "EOC-ch Playoff-C 2021"]
[Site "Online"]
[Date "2021.03.29"]
[Round "1.6"]
[White "Zhigalko, Andrey"]
[Black "Howell, David W L"]
[Result "0-1"]
[WhiteElo "2517"]
[BlackElo "2658"]
[Annotator "TA"]
[PlyCount "100"]
[EventDate "2021.03.29"]
[EventType "team-tourn"]
[EventCountry "NET"]
[SourceTitle "playchess.com"]
[Source "ChessBase"]
[SourceQuality "1"]

{[%evp 11,100,10,26,34,36,32,23,31,33,34,41,27,28,21,21,15,14,14,20,18,13,0,0,0,0,-10,-11,-24,-10,-16,-12,-47,-53,-46,-48,-70,-9,-22,-16,-53,-55,-29,-14,-33,-16,-16,-8,-88,-87,-89,-91,-91,-91,-91,-91,-91,-91,-150,-174,-175,-179,-167,-147,-116,-8,-8,-14,-11,-8,-15,-14,-262,-51,-74,-8,-8,-10,-19,-39,-29977,-29978,-29978,-29979,-29981,-29982,-29982,-29983,-29984,-29985,-29985,-29986]} 1. e4 c6 2. d4 d5 3. exd5 cxd5 4. Bd3 Nc6 5. c3 Qc7 6. h3 g6 (6... e5 {keeps more tension.} 7. dxe5 Nxe5 8. Bc2 Nf6 9. Nd2 Bc5) 7. Ne2 {B13: Caro-Kann: Exchange Variation and Panov-Botvinnik Attack.} Bf5 8. Bxf5 gxf5 9. Bf4 {White has an edge.} Qd7 10. Nd2 Nf6 {[#]} 11. Nc1 $146 ({Predecessor:} 11. Nf3 Rg8 12. Ne5 Nxe5 13. Bxe5 Ne4 14. O-O e6 15. f3 Nd6 16. b3 Rc8 17. Re1 {1-0 (42) Degraeve,J (2551)-Gelashvili,T (2576) Mallorca 2004}) 11... e6 12. Nd3 Bd6 13. Qf3 h5 14. O-O-O Bxf4 15. Qxf4 O-O-O 16. Qh4 Ne4 17. f3 Nd6 18. Rhe1 Rdg8 19. Re2 (19. Rg1 {seems wilder.} Kb8 20. Ne5 Qc7 21. Kb1 Ne7 22. Qf2) 19... Qd8 (19... Ne7 {feels hotter.} 20. Kb1 Ng6 21. Qe1 Kb8 22. Nb3 Qc7) 20. Qxd8+ (20. Qf4 {is more complex.} h4 21. Kb1 Qc7 22. Nf1 b6 23. Rc1) 20... Kxd8 21. h4 Ne7 22. Rh1 Ng6 23. g3 Ke7 ({Better is} 23... f4 $1 $15 24. gxf4 (24. Nxf4 Nf5 $15) 24... Ne7) 24. Nf1 f4 25. Nxf4 Nxf4 26. gxf4 Nf5 27. Kd2 Kf6 {[%mdl 1024] Black has compensation.} 28. Ke1 b5 29. a3 (29. Kf2 $1 $11) 29... a5 $1 $17 30. Kf2 b4 $1 31. axb4 axb4 32. Rc2 Ra8 33. Ne3 Ra2 34. Nxf5 (34. Rhc1 $142) 34... Kxf5 {[%mdl 4096] Endgame KRR-KRR} 35. Re2 Kxf4 36. Rg1 bxc3 37. bxc3 Rxe2+ (37... Rha8 $17 38. Rg7 f5) 38. Kxe2 $19 {KR-KR} Rc8 39. Rg7 f5 40. Kd3 Kxf3 41. Rg6 $2 (41. Rg5 $1 $11) 41... Re8 $2 ({Black should play} 41... f4 $1 $19 {And now ...Kf2 would win.} 42. Rxe6 Kg3) 42. Rg5 $1 $15 {[#]} f4 (42... Rh8 $1 $17 {Threatens to win with ...Kf2.} 43. Rg6 f4 44. Rxe6 Rg8) 43. Rxh5 $11 Kf2 {Hoping for ...f3.} 44. Rh6 f3 {...Ke1 is the strong threat.} 45. h5 $2 {[%mdl 8192] [#]} (45. Rg6 $15) 45... Ke1 $1 {Black mates.} 46. Rf6 f2 47. Ke3 f1=Q 48. Rxf1+ Kxf1 49. Kf4 Ke2 50. Ke5 Kd3 {Weighted Error Value: White=0.36/Black=0.17} 0-1

[Event "EOC-ch Playoff-C 2021"]
[Site "Online"]
[Date "2021.03.29"]
[Round "1.7"]
[White "Jones, Gawain C B"]
[Black "Kazakouski, Valery"]
[Result "1/2-1/2"]
[WhiteElo "2670"]
[BlackElo "2476"]
[Annotator "RC"]
[PlyCount "92"]
[EventDate "2021.03.29"]
[EventType "team-tourn"]
[EventCountry "NET"]
[SourceTitle "playchess.com"]
[Source "ChessBase"]
[SourceQuality "1"]
[TimeControl "900+5"]

1. e4 {[%emt 0:00:00]} c5 {[%emt 0:00:17]} 2. Nf3 {[%emt 0:00:14]} a6 {[%emt 0:00:09]} 3. g3 {[%emt 0:00:15]} b5 {[%emt 0:00:09]} 4. d4 {[%emt 0:00:29]} cxd4 {[%emt 0:00:05]} 5. Nxd4 {[%emt 0:00:01]} Bb7 {[%emt 0:00:03]} 6. Bg2 {[%emt 0:00:02]} Nf6 {[%emt 0:00:52]} 7. Nc3 {[%emt 0:00:15]} e6 {[%emt 0:00:05]} 8. O-O {[%emt 0:00:35]} b4 {[%emt 0:00:05]} 9. Na4 {[%emt 0:00:02]} Bxe4 {[%emt 0:00:04]} 10. Bxe4 {[%emt 0:00:31]} Nxe4 {[%emt 0:00:00]} 11. c4 {[%emt 0:00:02]} Nc5 {[%emt 0:01:19]} 12. a3 {[%emt 0:00:07]} bxa3 {[%emt 0:01:10]} 13. b4 {[%emt 0:00:23]} Nxa4 {[%emt 0:00:04]} 14. Qxa4 {[%emt 0:00:02]} Be7 {[%emt 0:00:03]} 15. Bxa3 {[%emt 0:01:09]} O-O {[%emt 0:01:07]} 16. b5 {[%emt 0:02:18]} Bxa3 {[%emt 0:02:39]} 17. Qxa3 {[%emt 0:00:00]} d6 {[%emt 0:00:27]} 18. Rfd1 {[%emt 0:00:55]} Qc7 {[%emt 0:01:20]} 19. Qb4 {[%emt 0:02:45]} a5 {[%emt 0:01:36]} 20. Qb3 {[%emt 0:01:38]} Nd7 {[%emt 0:00:40]} 21. Nc6 {[%emt 0:00:04]} a4 {[%emt 0:00:26]} 22. Qa3 {[%emt 0:00:50]} Nc5 {[%emt 0:00:18]} 23. Ra2 {[%emt 0:00:03]} Rfe8 {[%emt 0:01:05]} 24. Rad2 {[%emt 0:00:14]} Nb7 {[%emt 0:00:11]} 25. Qb4 {[%emt 0:00:53]} e5 {[%emt 0:00:30]} 26. Ra2 {[%emt 0:00:23]} Nc5 {[%emt 0:00:04]} 27. Rd5 {[%emt 0:00:06]} e4 {[%emt 0:00:06]} 28. Qd2 {[%emt 0:00:08]} e3 {[%emt 0:00:05]} 29. fxe3 {[%emt 0:00:02]} Ne4 {[%emt 0:00:10]} 30. Qd4 {[%emt 0:00:15]} a3 {[%emt 0:00:06]} 31. Kg2 {[%emt 0:00:03]} h6 {[%emt 0:00:36]} 32. Qa1 {[%emt 0:00:16]} Qc8 {[%emt 0:00:30]} 33. Rxa3 {[%emt 0:01:07]} Qg4 {[%emt 0:00:05]} 34. Nd4 {[%emt 0:00:04]} Rxa3 {[%emt 0:00:14]} 35. Qxa3 {[%emt 0:00:01]} Nf6 {[%emt 0:00:01]} 36. Rxd6 {[%emt 0:00:45]} Qe4+ {[%emt 0:00:02]} 37. Nf3 {[%emt 0:00:02]} Ng4 {[%emt 0:00:09]} 38. Qd3 {[%emt 0:00:13]} Nxe3+ {[%emt 0:00:07]} 39. Kf2 {[%emt 0:00:01]} Ng4+ {[%emt 0:00:07]} 40. Kg1 {[%emt 0:00:04]} Qa8 {[%emt 0:00:34]} 41. b6 {[%emt 0:00:27]} Qa1+ {[%emt 0:00:01]} 42. Qd1 {[%emt 0:00:05]} Qb2 {[%emt 0:00:09]} 43. Qd2 {[%emt 0:00:23]} Qb1+ {[%emt 0:00:14]} 44. Qd1 {[%emt 0:00:02]} Qb2 {[%emt 0:00:05]} 45. Qd2 {[%emt 0:00:05]} Qb1+ {[%emt 0:00:07]} 46. Qd1 {[%emt 0:00:02]} Qb2 {[%emt 0:00:10]} 1/2-1/2

[Event "EOC-ch Playoff-C 2021"]
[Site "Online"]
[Date "2021.03.29"]
[Round "1.8"]
[White "Meribanov, Vitaly"]
[Black "Cheparinov, Ivan"]
[Result "1-0"]
[WhiteElo "2406"]
[BlackElo "2667"]
[Annotator "TA"]
[PlyCount "71"]
[EventDate "2021.03.29"]
[EventType "team-tourn"]
[EventCountry "NET"]
[SourceTitle "playchess.com"]
[Source "ChessBase"]
[SourceQuality "1"]

{[%evp 22,71,-25,-23,-19,-58,-19,-9,-22,-18,-24,-26,-15,-49,-39,-94,-99,-112,-92,-110,-65,-75,-60,-60,-63,-183,-97,-158,-98,-96,-96,-139,-150,-121,-34,-25,-29,-28,0,0,6,6,38,0,64,16,95,97,905,900,892,865]} 1. e4 c5 2. Nf3 d6 3. Nc3 Nf6 4. d4 cxd4 5. Nxd4 a6 6. Be2 e5 7. Nb3 Be7 8. O-O O-O 9. Kh1 Nc6 10. f4 b5 11. a3 Bb7 12. Be3 Rc8 {B92: Sicilian Najdorf: 6 Be2.} 13. Bf3 Na5 14. Nxa5 Qxa5 {The position is equal.} 15. Qd2 Qc7 16. Qf2 {[#]} Qc4 $146 {[%cal Rf6e4]} ({Predecessor:} 16... d5 17. exd5 e4 18. Nxe4 Nxd5 19. Bd4 Qxf4 20. c3 Nc7 21. Qc2 Ne6 22. Bf2 Bxe4 23. Bxe4 {1-0 (54) Denisov,S (1993)-Brabant,G (1845) Dos Hermanas 2004}) 17. Be2 Qe6 ({Wrong is} 17... Nxe4 $2 18. Nxe4 Qxc2 19. Ng3 $18) 18. f5 (18. Bd3 $15) 18... Qd7 $17 19. Bg5 Nxe4 20. Nxe4 Bxe4 21. f6 Bxf6 22. Bxf6 gxf6 23. Qxf6 ({White should play} 23. Qg3+ $15 Kh8 24. Qh4) 23... Qe6 ({Better is} 23... Rxc2 $19 24. Qg5+ Bg6) 24. Qh4 (24. c3 $142) 24... Qg6 (24... Bxc2 $142 {aiming for ...f5.} 25. Rf6 Qb3) 25. Bf3 Rc4 26. Qe7 Bxc2 27. Bd5 {[#]} Rf4 ({Black should try} 27... Rd4 $1 $17 {[%cal Rd4d5]} 28. Rf6 Qh5) 28. Rxf4 $15 exf4 29. Rf1 Qf5 30. Qxd6 {[%mdl 64] Double Attack} Qd3 {[%cal Rd3f1]} 31. Re1 Qf5 32. h3 a5 (32... Kg7 $11) 33. Rf1 Qg6 (33... Qg5 $11) 34. Qxf4 $16 Bd3 $2 {[%mdl 8192] [#]} (34... Qg7 $16) 35. Rf3 $1 $18 Bc4 36. Bxc4 {Quite a comeback for White.  Weighted Error Value: White=0.21/Black=0.35} 1-0

[Event "EOC-ch Playoff-C 2021"]
[Site "Online"]
[Date "2021.03.29"]
[Round "1.9"]
[White "Duda, Jan-Krzysztof"]
[Black "Tomashevsky, Evgeny"]
[Result "1-0"]
[WhiteElo "2743"]
[BlackElo "2706"]
[Annotator "TA"]
[PlyCount "79"]
[EventDate "2021.03.29"]
[EventType "team-tourn"]
[EventCountry "NET"]
[SourceTitle "playchess.com"]
[Source "ChessBase"]
[SourceQuality "1"]

{[%evp 11,79,14,20,7,13,12,18,5,25,18,20,12,10,0,32,39,35,34,63,0,29,9,16,14,104,99,105,100,107,108,98,94,91,12,12,12,9,0,49,47,38,-8,-19,-36,0,0,10,16,15,10,9,20,69,4,4,4,208,209,204,205,177,106,231,231,231,224,756,755,1264,908]} 1. e4 e5 2. Nf3 Nc6 3. Bc4 Bc5 4. c3 Nf6 5. d3 O-O 6. Nbd2 d6 7. h3 {C54: Giuoco Piano: 4 c3 Nf6, main lines with 5 d4 and 5 d3.} Ne7 {[%cal Bc6e7,Be7g6,Bg6f4][%mdl 32]} 8. O-O Ng6 9. d4 {The position is equal.} Bb6 10. Bd3 Re8 11. Re1 c6 12. Qc2 $5 {[%mdl 4] [#] Exploring less charted territory.} Nf4 $146 ({Predecessor:} 12... Nh5 13. Nc4 Nhf4 14. Bf1 Bc7 15. Be3 Qf6 16. Ncd2 Be6 17. Kh1 h6 18. a4 d5 {1-0 (49) Movsesian,S (2679)-Ghaem Maghami,E (2566) Moscow 2017}) 13. Bf1 Bc7 14. Nc4 N6h5 15. Ne3 (15. g4 $14) 15... Nf6 16. Nf5 Bxf5 17. exf5 e4 18. Bxf4 $16 {Strongly threatening Nh2.} exf3 19. g3 (19. gxf3 Qd7 $11) 19... d5 20. Rxe8+ Nxe8 21. Be5 Qe7 22. Qd3 (22. Bxc7 $1 $16 Qxc7 23. Qd3) 22... Bxe5 $11 23. Re1 {[%mdl 64] Pin} f6 24. Qxf3 Nd6 25. dxe5 fxe5 26. g4 (26. c4 $5 {[%cal Rc4d5]}) 26... Re8 27. b3 e4 28. Qe3 Qf6 29. Rd1 h5 30. c4 hxg4 31. hxg4 dxc4 32. Qc5 ({White should try} 32. bxc4 $14 Nf7 33. c5 (33. Qxa7 $2 Qh4 $19)) 32... Nf7 $1 {...Qh4 is the strong threat.} 33. Bxc4 {Hoping for Rd7.} Kh7 $2 (33... e3 $11 {and Black has nothing to worry.}) 34. Bxf7 $18 ({Inferior is} 34. Qxa7 Qh4 $11) 34... Qxf7 {[%mdl 4096] Endgame [#] KQR-KQR} 35. Kg2 $1 (35. Qxa7 e3 $11) 35... Kg8 {[#]} 36. Qxa7 (36. Rd6 $1 $18) 36... g6 (36... e3 $16) 37. Qe3 {aiming for Rd6.} gxf5 38. Qg5+ {[%mdl 64] Double Attack} Kf8 $2 (38... Qg7 39. Qxf5 Qf7 40. Qg5+ Qg7) 39. Rd6 e3 40. fxe3 {Weighted Error Value: White=0.16/Black=0.33} ({And not} 40. Rf6 e2 $11) 1-0